00697 2200241 4500001002100000005001500021035002000036007000300056008004100059020002200100082001100122084001700133100002200150245010400172250001100276260003100287300004600318700002000364700002200384700001800406700001700424700001400441INLIS00000000000182520240516093628 a0010-0524000003ta240516 f 0 ind  a978-623-180-274-3 a338.04 a338.04 AGU b0 aAgung Tri Laksono1 aBidik P5 Proyek Penguatan Profil Pancasila: Kewirausahaan untuk SMA/MA Kelas X /cAgung Tri Laksono aCet. 1 aJakarta :bErlangga,c2023 aviii + 88 hlm. :bilust. ;c21 cm x 29 cm0 aEndah Wihartati0 aDuwi Retnaningsih0 aEny Kristiani0 aEty Syarifah0 aSri Kandi